000
00264nam a22001097a 4500
008
160420b xxu||||| |||| 00| 0 eng d
020
_a
9780803657045
041
_a
eng
080
_a
618.2
245
_a
Maternal child nursing care;
_c
Shelton Hisley;
942
_2
udc
_c
BK
999
_c
1474
_d
1474